Sustainable Solutions in Textiles and Fashion

Saved in:
Bibliographic Details
Other Authors: Muthu, Subramanian Senthilkannan
Format: Book
Language:English
Tags: Add Tag
No Tags, Be the first to tag this record!

MARC

LEADER 00000nam a2200000 4500
001 0315361
005 20260309145449.1
020 |a 9783032109255 
041 0 |a eng 
245 1 0 |a Sustainable Solutions in Textiles and Fashion  |c Editor Subramanian Senthilkannan Muthu 
500 |a ProQuest e-books. 
700 1 |a Muthu, Subramanian Senthilkannan